A zenepalota helyett építse fel Szeged a művészetek házát

Elmentve itt :
Bibliográfiai részletek
Szerző: Lengyel Vilma
Dokumentumtípus: Cikk
Megjelent: 1926-04-04
Sorozat:Délmagyarország 2 No. 77
Kulcsszavak:Király-König Péter, Zenei élet, zeneélet
Online Access:http://dmarchiv.bibl.u-szeged.hu/75845
LEADER 00510nab a2200157 i 4500
001 delm75845
005 20180928084404.0
008 180928s1926 hu o 0|| hun d
040 |a SZTE Délmagyarország Archívum  |b hun 
041 |a hun 
100 1 |a Lengyel Vilma 
245 1 2 |a A zenepalota helyett építse fel Szeged a művészetek házát  |h [elektronikus dokumentum] /  |c  Lengyel Vilma 
260 |c 1926-04-04 
300 |a 5 
490 0 |a Délmagyarország  |v 2 No. 77 
695 |a Király-König Péter, Zenei élet, zeneélet